000
00350nam a2200157Ia 4500
003
RNL
008
090707b ii f a fnsan d
040
_a
RCL
100
_a
Malkiyat Singh
_9
29191
245
_a
Madhkaal di punjabi vartak
260
_a
Amritsar
260
_b
Waris Shah Foundation
260
_c
2004
300
_a
112p.
942
_c
BK
999
_c
20665
_d
20665